000 00335nam a2200145Ia 4500
008 230718s9999 xx 000 0 und d
041 _aEng.
082 _a135.3
_bKOC-T
100 _aKoch, Phyllis R₂
245 4 _aThe dream Sousse Book
260 _aPakistan
_bLowell house
_c1986
300 _a192
650 _aLaw
999 _c26116
_d26116